An Illustrated Guide to Islamic Faith (Record no. 23467)

MARC details
000 -LEADER
fixed length control field 00630nam a22001337a 4500
082 ## - DEWEY DECIMAL CLASSIFICATION NUMBER
Classification number 297
Author Cutter RAA
100 ## - MAIN ENTRY--AUTHOR NAME
Author name Raana Bokhari,
245 ## - TITLE STATEMENT
Title An Illustrated Guide to Islamic Faith
260 ## - PUBLICATION, DISTRIBUTION, ETC. (IMPRINT)
Place of publication Leicestershire [England],
Name of publisher Southwater, Wigston,
Year of publication 2011
300 ## - PHYSICAL DESCRIPTION
Number of Pages 160 pages : illustrations (chiefly color) ;
Other physical details 30 cm
520 ## - SUMMARY, ETC.
Summary, etc Islam is one of the world's younger faiths, yet in its 1400-year history its impact has been astonishing and immense. The purpose of this book is to provide a refreshing and detailed guide to and insight into the beliefs and religious practices of the Islamic faith<br/>Print
942 ## - ADDED ENTRY ELEMENTS (KOHA)
Koha item type Books
Holdings
Home library Current library Shelving location Date acquired Source of acquisition Cost, normal purchase price Full call number Accession Number Koha item type
Henry Martyn Institute Library Henry Martyn Institute Library General stacks 06/03/2024 Kohinoor Book Distributor 1993.00 297 RAA 25962 Books
                   Copyright © 2026 | Henry Martyn Institute | Hyderabad | TS-500052 | INDIA | Implemented by hmi.edu.in
Hit-Count:

Powered by Koha